[Event "4NCL Online Division 4"]
[Site "online"]
[Date "2021.02.23"]
[EventDate "2021.02.23"]
[Round "3.74"]
[White "Holroyd-Doveton, Nathaniel"]
[WhiteElo "1642"]
[WhiteTeam "Darnall & Handsworth"]
[Black "Grice, Keith"]
[BlackElo "1435"]
[BlackTeam "Cheshire Cats"]
[Result "1-0"]
[PlyCount "149"]

1. c4 e5 2. Nc3 Nf6 3. g3 c6 4. Nf3 d6 5. Bg2 Be6 6. d3 Be7 7. O-O O-O 8. Rb1 Qc7 9. Bd2 h6 10. b4 Nbd7 11. a4 d5 12. cxd5 Nxd5 13. Nxd5 Bxd5 14. b5 c5 15. Bc3 Be6 16. Qd2 Rac8 17. Rfc1 Rfd8 18. Qb2 f6 19. a5 b6 20. axb6 axb6 21. Nd2 Nf8 22. Ra1 Bd5 23. Bxd5+ Rxd5 24. Ra6 Rd7 25. Nc4 Rb8 26. Qa2 Kh7 27. Ra1 Rb7 28. Ne3 Qd6 29. Nf5 Qe6 30. Nxe7 Qxa2 31. R1xa2 Rxe7 32. f3 Ne6 33. Rb2 Nd4 34. Bxd4 exd4 35. Kf2 g5 36. Rba2 Kg6 37. g4 f5 38. gxf5+ Kxf5 39. Ra8 Ke5 40. Rh8 Rh7 41. Raa8 Ra7 42. Rxh7 Rxh7 43. Rb8 h5 44. Rxb6 g4 45. Rc6 Kd5 46. Rg6 Rf7 47. b6 c4 48. dxc4+ Kxc4 49. Rc6+ Kb5 50. Rc7 Rf8 51. b7 Rb8 52. fxg4 hxg4 53. Kg3 Kb6 54. Rd7 Kc6 55. Rxd4 Rxb7 56. Rxg4 Re7 57. Kf3 Rh7 58. h4 Kd5 59. Rg5+ Ke6 60. Kg4 Re7 61. h5 Kf6 62. Rf5+ Kg7 63. Kf3 Re6 64. e4 Kh6 65. Kf4 Rc6 66. Ke5 Kg7 67. Kd5 Rh6 68. e5 Rb6 69. Kc5 Rh6 70. Rg5+ Kf7 71. Kd5 Ke7 72. e6 Rxe6 73. Rg7+ Kf6 74. Rg6+ Kf7 75. Rxe6 1-0

[Event "4NCL Online Division 4"]
[Site "online"]
[Date "2021.02.23"]
[EventDate "2021.02.23"]
[Round "3.81"]
[White "Marshall, John R"]
[WhiteElo "1682"]
[WhiteTeam "Temple Sutton"]
[Black "Littlefair, Paul"]
[BlackElo "1675"]
[BlackTeam "Watford 3"]
[Result "0-1"]
[PlyCount "62"]

1. d4 Nf6 2. c4 g6 3. Nc3 d5 4. cxd5 Nxd5 5. e4 Nxc3 6. bxc3 Bg7 7. Bc4 O-O 8. Ne2 c5 9. Be3 cxd4 10. Bxd4 Nc6 11. Bxg7 Kxg7 12. O-O Qc7 13. Bb3 Rd8 14. Qc2 b5 15. Rfd1 Bb7 16. a4 a6 17. axb5 axb5 18. Qb2 Qe5 19. Bd5 b4 20. f4 Qc7 21. cxb4+ Kg8 22. b5 Qb6+ 23. Kh1 Na5 24. Bxb7 Nxb7 25. Rxa8 Rxa8 26. h3 Nd6 27. e5 Nc4 28. Qb4 Ne3 29. Rc1 Qb7 30. Rg1 Ra1 31. Qb2 Qxg2# 0-1

[Event "4NCL Online Division 4"]
[Site "online"]
[Date "2021.02.23"]
[EventDate "2021.02.23"]
[Round "3.82"]
[White "Vig, Sanjay"]
[WhiteElo "1638"]
[WhiteTeam "Watford 3"]
[Black "Modhura, Urbi"]
[BlackElo "1695"]
[BlackTeam "Temple Sutton"]
[Result "0-1"]
[PlyCount "56"]

1. e4 e5 2. f4 d5 3. exd5 exf4 4. Nf3 Nf6 5. Bc4 c6 6. dxc6 Nxc6 7. O-O Bc5+ 8. Kh1 O-O 9. c3 Bd6 10. d4 Bg4 11. Nbd2 Re8 12. Re1 Qd7 13. Bb5 a6 14. Ba4 Rxe1+ 15. Qxe1 Re8 16. Ne5 b5 17. Qh4 Nxe5 18. dxe5 Rxe5 19. Bc2 Qe6 20. Ne4 Rxe4 21. Bxe4 Qxe4 22. Bd2 f3 23. Re1 fxg2+ 24. Kg1 Bc5+ 25. Be3 Bxe3+ 26. Rxe3 Qxe3+ 27. Kxg2 Bf3+ 28. Kh3 Bd5+ 0-1

[Event "4NCL Online Division 4"]
[Site "online"]
[Date "2021.02.23"]
[EventDate "2021.02.23"]
[Round "3.83"]
[White "Perks, Gary M"]
[WhiteElo "1577"]
[WhiteTeam "Temple Sutton"]
[Black "Nagesh, Poornima"]
[BlackElo "1532"]
[BlackTeam "Watford 3"]
[Result "1-0"]
[PlyCount "81"]

1. d4 Nf6 2. Bf4 Nc6 3. Nf3 d5 4. e3 Bf5 5. c3 e6 6. Bb5 Be7 7. Ne5 O-O 8. Nd2 Nxe5 9. Bxe5 c6 10. Be2 Nd7 11. Bg3 Bh4 12. Nf3 Bxg3 13. hxg3 c5 14. Nh4 cxd4 15. Nxf5 exf5 16. Qxd4 Rc8 17. Qxd5 Nf6 18. Qxf5 Qd7 19. Qxd7 Nxd7 20. O-O-O Nf6 21. Bd3 Rfd8 22. g4 Nxg4 23. Bxh7+ Kf8 24. Rxd8+ Rxd8 25. Rd1 Re8 26. Bf5 Nxf2 27. Rf1 Ne4 28. Bxe4 Rxe4 29. Kd2 f5 30. Kd3 g6 31. Rf4 Ra4 32. Rxa4 g5 33. Rxa7 f4 34. exf4 gxf4 35. Rxb7 Ke8 36. Kd4 Kd8 37. Kd5 Kc8 38. Rh7 Kd8 39. Ke6 f3 40. gxf3 Ke8 41. Rh8# 1-0

[Event "4NCL Online Division 4"]
[Site "online"]
[Date "2021.02.23"]
[EventDate "2021.02.23"]
[Round "3.84"]
[White "Hylands, Keith"]
[WhiteElo "1423"]
[WhiteTeam "Watford 3"]
[Black "Pool, Melvin R"]
[BlackElo "1579"]
[BlackTeam "Temple Sutton"]
[Result "0-1"]
[PlyCount "124"]

1. e4 e5 2. Nf3 Nc6 3. Bb5 a6 4. Ba4 Nf6 5. d3 d6 6. c3 Be7 7. h3 O-O 8. Be3 b5 9. Bc2 Bb7 10. O-O Re8 11. Re1 Bf8 12. Nbd2 Ne7 13. Bg5 Ng6 14. g3 h6 15. Bxf6 Qxf6 16. Kg2 Bc8 17. Rh1 Be6 18. Bb3 Nh8 19. Bxe6 Rxe6 20. h4 Qg6 21. h5 Qf6 22. Rh2 Qd8 23. Qe2 d5 24. Nh4 Be7 25. Nf5 Bg5 26. Nf3 c5 27. Nxg5 Qxg5 28. Rh4 g6 29. Rg4 Qxh5 30. Rh1 Qxh1+ 31. Kxh1 h5 32. Rh4 gxf5 33. Rxh5 Kg7 34. exf5 Rh6 35. Rxh6 Kxh6 36. Qg4 f6 37. Qh4+ Kg7 38. Kg2 Nf7 39. f4 e4 40. Qg4+ Kf8 41. dxe4 dxe4 42. Qg6 Ke7 43. Qg4 Rd8 44. Qe2 Nd6 45. g4 Kf7 46. Kf2 Rh8 47. Kg3 Rg8 48. Qd2 Nxf5+ 49. Kf2 Rxg4 50. Qd7+ Kg6 51. Qe8+ Kh6 52. Qh8+ Kg6 53. Qg8+ Ng7 54. Qb8 Nh5 55. Qd6 Rxf4+ 56. Ke3 Rf5 57. Kxe4 Re5+ 58. Kd3 Nf4+ 59. Kc2 a5 60. Qd2 Re2 61. Kd1 Rxd2+ 62. Kxd2 Kf5 0-1

[Event "4NCL Online Division 4"]
[Site "online"]
[Date "2021.02.23"]
[EventDate "2021.02.23"]
[Round "3.91"]
[White "Potter, Steven"]
[WhiteElo "1833"]
[WhiteTeam "Manchester Manticores 2"]
[Black "Whatmore, Steve"]
[BlackElo "1810"]
[BlackTeam "Rugeley Rangers"]
[Result "0-1"]
[PlyCount "102"]

1. d4 Nf6 2. Bg5 d5 3. Bxf6 gxf6 4. e3 c5 5. dxc5 Nc6 6. Nc3 e6 7. Nf3 Bxc5 8. g3 Bd7 9. Bg2 Ne5 10. O-O Qc7 11. Nxe5 Qxe5 12. Re1 Bb4 13. a3 Bxc3 14. bxc3 Qxc3 15. Qb1 Bc6 16. e4 d4 17. Rd1 O-O-O 18. Rd3 Qc4 19. Qb2 h5 20. h4 e5 21. Rb1 Kd7 22. Rb3 Ke7 23. Qa2 Rd7 24. Kh2 Rhd8 25. Qb2 d3 26. Rc3 Qa4 27. cxd3 Rxd3 28. Rxd3 Rxd3 29. Qe2 Rxa3 30. Qxh5 Bxe4 31. Qd1 Qxd1 32. Rxd1 Bxg2 33. Kxg2 Kf8 34. Rd7 Rb3 35. h5 Kg7 36. Kh3 a5 37. Kh4 a4 38. g4 a3 39. Rd8 a2 40. Ra8 Rb2 41. f3 b5 42. g5 fxg5+ 43. Kxg5 Rg2+ 44. Kf5 b4 45. Kxe5 b3 46. h6+ Kxh6 47. Kf6 Rg6+ 48. Kxf7 Kg5 49. f4+ Kxf4 50. Kxg6 b2 51. Rxa2 b1=Q+ 0-1

[Event "4NCL Online Division 4"]
[Site "online"]
[Date "2021.02.23"]
[EventDate "2021.02.23"]
[Round "3.92"]
[White "Carr, Matthew"]
[WhiteElo "1688"]
[WhiteTeam "Rugeley Rangers"]
[Black "Sheppard, Daniel C"]
[BlackElo "1869"]
[BlackTeam "Manchester Manticores 2"]
[Result "1-0"]
[PlyCount "50"]

1. e4 c6 2. d4 d5 3. e5 Bf5 4. Nc3 e6 5. Nf3 c5 6. Bb5+ Nc6 7. Be3 c4 8. Qd2 Bb4 9. Bxc6+ bxc6 10. O-O h6 11. a3 Ba5 12. Rab1 Qe7 13. b4 cxb3 14. Rxb3 f6 15. Rfb1 Rc8 16. Rb8 Qc7 17. R1b7 Rxb8 18. Rxc7 Bxc7 19. h3 Ba5 20. g4 Bh7 21. Kg2 Rb2 22. Ne1 fxe5 23. dxe5 Rb7 24. Nd3 Bxd3 25. Qxd3 Ne7 1-0

[Event "4NCL Online Division 4"]
[Site "online"]
[Date "2021.02.23"]
[EventDate "2021.02.23"]
[Round "3.93"]
[White "Whitehead, Mark A"]
[WhiteElo "1798"]
[WhiteTeam "Manchester Manticores 2"]
[Black "Sullivan, Luke"]
[BlackElo "1571"]
[BlackTeam "Rugeley Rangers"]
[Result "1-0"]
[PlyCount "71"]

1. e4 d6 2. Nc3 e5 3. Nf3 Nf6 4. d4 Nbd7 5. Bc4 h6 6. O-O Be7 7. a4 a5 8. Qe2 c6 9. Rd1 Qc7 10. Bb3 Nf8 11. d5 Bg4 12. h3 Bd7 13. Be3 g5 14. Rd2 g4 15. hxg4 Bxg4 16. Qd3 Bxf3 17. gxf3 Qd7 18. Kf1 Qh3+ 19. Ke2 Ng6 20. Rdd1 Nh5 21. Qc4 Nhf4+ 22. Kd2 c5 23. Qb5+ Qd7 24. Bc4 Qxb5 25. Bxb5+ Kf8 26. Rh1 h5 27. Rag1 h4 28. Bd7 h3 29. Ne2 h2 30. Rg4 Nh4 31. Rg3 Nhg2 32. Bxf4 Nxf4 33. Nxf4 exf4 34. Rg2 Bf6 35. c3 Rh3 36. Bxh3 1-0

[Event "4NCL Online Division 4"]
[Site "online"]
[Date "2021.02.23"]
[EventDate "2021.02.23"]
[Round "3.94"]
[White "Wood, Ryan"]
[WhiteElo "1428"]
[WhiteTeam "Rugeley Rangers"]
[Black "Green, Tom D A"]
[BlackElo "1259"]
[BlackTeam "Manchester Manticores 2"]
[Result "1/2-1/2"]
[PlyCount "107"]

1. d4 Nf6 2. Bf4 d6 3. Nf3 g6 4. Nc3 Bg7 5. e4 O-O 6. Qd2 c5 7. Be2 Nc6 8. dxc5 dxc5 9. O-O-O Qa5 10. a3 a6 11. e5 Ng4 12. Bc4 Ngxe5 13. Nxe5 Nxe5 14. Bxe5 Bxe5 15. Nd5 Qxd2+ 16. Rxd2 e6 17. Nb6 Rb8 18. g3 Bc7 19. Nd7 Bxd7 20. Rxd7 Ba5 21. Rhd1 Rfd8 22. Rxd8+ Bxd8 23. Be2 Kf8 24. Bf3 Bg5+ 25. Kb1 Ke7 26. Rd3 b5 27. a4 bxa4 28. Ra3 Bf6 29. c3 Rb6 30. Rxa4 Bxc3 31. Kc2 Bxb2 32. Be2 Bd4 33. f3 h5 34. Rxa6 Rxa6 35. Bxa6 f5 36. Kd3 Kf6 37. Bb7 g5 38. h3 g4 39. hxg4 hxg4 40. fxg4 fxg4 41. Ke4 Be5 42. Kd3 Bxg3 43. Kc4 Bf2 44. Bc8 g3 45. Bb7 Ke5 46. Bg2 Kf4 47. Kd3 Kg4 48. Kc4 Kf4 49. Kd3 e5 50. Bh1 c4+ 51. Kxc4 e4 52. Kc3 Be1+ 53. Kd4 Ba5 54. Bxe4 1/2-1/2

[Event "4NCL Online Division 4"]
[Site "online"]
[Date "2021.02.23"]
[EventDate "2021.02.23"]
[Round "3.101"]
[White "O'Neill, Richard"]
[WhiteElo "1605"]
[WhiteTeam "Harrow 3"]
[Black "Lacoult, Maxime"]
[BlackElo "1600"]
[BlackTeam "Warwickshire Bears B"]
[Result "1-0"]
[PlyCount "37"]

1. d4 Nf6 2. Nc3 d5 3. e4 Nxe4 4. Nxe4 dxe4 5. Bc4 Bf5 6. g4 Bg6 7. Ne2 e6 8. Nf4 Nc6 9. c3 f5 10. Nxe6 Qe7 11. Bf4 Rc8 12. d5 Na5 13. Qa4+ c6 14. Qxa5 fxg4 15. d6 Qd7 16. Qe5 Bxd6 17. Nxg7+ Kd8 18. Ne6+ Ke7 19. Qg7+ 1-0

[Event "4NCL Online Division 4"]
[Site "online"]
[Date "2021.02.23"]
[EventDate "2021.02.23"]
[Round "3.102"]
[White "Wong, Tristan"]
[WhiteElo "1586"]
[WhiteTeam "Warwickshire Bears B"]
[Black "Nettleton, Robin"]
[BlackElo "1393"]
[BlackTeam "Harrow 3"]
[Result "1-0"]
[PlyCount "69"]

1. d4 d5 2. Bf4 Bf5 3. Nc3 Nf6 4. e3 e6 5. Nb5 Bb4+ 6. c3 Ba5 7. b4 Bb6 8. a4 a6 9. Na3 O-O 10. Nf3 Ne4 11. Rc1 c6 12. Bd3 Bc7 13. Bxc7 Qxc7 14. Nh4 Bg6 15. Nxg6 fxg6 16. O-O Nd7 17. c4 Ndf6 18. cxd5 exd5 19. b5 h5 20. f3 Ng5 21. bxc6 bxc6 22. Qc2 Kf7 23. Bxg6+ Kg8 24. Qxc6 Qxc6 25. Rxc6 h4 26. Rb1 h3 27. a5 Nfh7 28. f4 Ne4 29. Bxe4 dxe4 30. Rbb6 hxg2 31. Kxg2 Rfb8 32. Nc4 Rc8 33. Rxa6 Rxc6 34. Rxa8+ Kf7 35. Ne5+ 1-0

[Event "4NCL Online Division 4"]
[Site "online"]
[Date "2021.02.23"]
[EventDate "2021.02.23"]
[Round "3.103"]
[White "Dilukshan, Manoharan"]
[WhiteElo "1407"]
[WhiteTeam "Harrow 3"]
[Black "Vaidyanathan, Adithya"]
[BlackElo "1453"]
[BlackTeam "Warwickshire Bears B"]
[Result "1/2-1/2"]
[PlyCount "66"]

1. e4 c5 2. Nf3 Nc6 3. Bb5 d6 4. O-O e5 5. h3 Be7 6. Nc3 Nf6 7. d3 a6 8. Bc4 Nd4 9. Nxd4 cxd4 10. Nd5 Be6 11. Nxf6+ Bxf6 12. Bxe6 fxe6 13. Qg4 Qe7 14. f4 exf4 15. Bxf4 e5 16. Bd2 O-O 17. Rf3 Rf7 18. Raf1 Raf8 19. Bb4 b6 20. Kh1 a5 21. Bd2 Kh8 22. Rg3 g6 23. Bh6 Bg7 24. Rxf7 Qxf7 25. Bxg7+ Kxg7 26. Rf3 Qe7 27. Rxf8 Qxf8 28. Qd7+ Kh8 29. Kh2 Qf4+ 30. Kg1 Qc1+ 31. Kh2 Qf4+ 32. Kg1 Qe3+ 33. Kh2 Qf4+ 1/2-1/2

[Event "4NCL Online Division 4"]
[Site "online"]
[Date "2021.02.23"]
[EventDate "2021.02.23"]
[Round "3.104"]
[White "He, Tom Junde"]
[WhiteElo "1406"]
[WhiteTeam "Warwickshire Bears B"]
[Black "Walker, David J R"]
[BlackElo "1264"]
[BlackTeam "Harrow 3"]
[Result "1-0"]
[PlyCount "57"]

1. e4 c5 2. Bc4 d6 3. Nf3 e6 4. d4 d5 5. Bb5+ Bd7 6. Bxd7+ Nxd7 7. exd5 exd5 8. Be3 Ngf6 9. Nc3 Be7 10. Qd2 O-O 11. O-O Re8 12. Rfe1 Rc8 13. Ne5 b6 14. Nxd7 Qxd7 15. dxc5 bxc5 16. Bf4 a6 17. Bg5 Rcd8 18. Rad1 Qb7 19. Bxf6 Bxf6 20. Nxd5 Rxe1+ 21. Rxe1 h6 22. Nxf6+ gxf6 23. Qxd8+ Kg7 24. b3 Qb4 25. Re8 Kg6 26. Rg8+ Kh5 27. g4+ Kh4 28. Qxf6+ Kh3 29. Qxh6# 1-0

[Event "4NCL Online Division 4"]
[Site "online"]
[Date "2021.02.23"]
[EventDate "2021.02.23"]
[Round "3.112"]
[White "Love, James"]
[WhiteElo "1652"]
[WhiteTeam "Crowthorne 1"]
[Black "Kairat, Alexander"]
[BlackElo "1657"]
[BlackTeam "Woking Warriors"]
[Result "1-0"]
[PlyCount "95"]

1. e4 c5 2. Nc3 Nc6 3. f4 e6 4. Nf3 d5 5. d3 d4 6. Ne2 Bd7 7. Bd2 Bd6 8. g3 Nge7 9. Bg2 O-O 10. O-O Qc7 11. a3 e5 12. fxe5 Nxe5 13. Nxe5 Bxe5 14. Nf4 Bxf4 15. Bxf4 Qc6 16. Qe2 Ng6 17. Bd2 Rfe8 18. e5 Qc7 19. Bd5 Be6 20. Bxe6 Rxe6 21. Bf4 Nxf4 22. gxf4 Rg6+ 23. Kf2 Qd7 24. Qf3 Re8 25. Ke2 Qg4 26. Qxg4 Rxg4 27. Kf3 Rg6 28. Rae1 Rge6 29. Ke4 f5+ 30. Kxf5 h6 31. Rg1 Kf7 32. h4 b6 33. h5 b5 34. Rg6 a6 35. Reg1 Rxg6 36. Rxg6 Ra8 37. e6+ Kf8 38. Ke5 a5 39. f5 b4 40. a4 Rb8 41. b3 Rd8 42. f6 gxf6+ 43. Rxf6+ Kg7 44. Rf7+ Kh8 45. Kf6 Rg8 46. e7 Rg6+ 47. Kxg6 Kg8 48. e8=Q# 1-0

[Event "4NCL Online Division 4"]
[Site "online"]
[Date "2021.02.23"]
[EventDate "2021.02.23"]
[Round "3.113"]
[White "Seet, Joshua"]
[WhiteElo "1246"]
[WhiteTeam "Woking Warriors"]
[Black "Fell, Colin C"]
[BlackElo "1622"]
[BlackTeam "Crowthorne 1"]
[Result "0-1"]
[PlyCount "168"]

1. d4 g6 2. c4 Bg7 3. Nf3 d6 4. Nc3 Nd7 5. Bf4 e6 6. e4 Ne7 7. Be2 h6 8. d5 e5 9. Bg3 a6 10. a4 O-O 11. O-O f5 12. b4 f4 13. Bh4 g5 14. Nxg5 hxg5 15. Bxg5 Nf6 16. f3 Qe8 17. Bh4 Qh5 18. Bf2 Kf7 19. c5 Rh8 20. h4 Ng6 21. Be1 Nxh4 22. Bxh4 Qxh4 23. Qd2 Qg3 24. Bd1 Qh2+ 25. Kf2 Bh3 26. Rg1 Qg3+ 27. Kf1 Bd7 28. Bb3 Ke7 29. cxd6+ cxd6 30. Ne2 Qh4 31. Nc3 Nh5 32. Ke2 Ng3+ 33. Kd3 Rac8 34. Kc2 b5 35. a5 Rc7 36. Kb2 Rhc8 37. Rac1 Be8 38. Ne2 Bh6 39. Rxc7+ Rxc7 40. Nxg3 fxg3 41. Qe2 Qf4 42. Rd1 Qe3 43. Qf1 Qf2+ 44. Qxf2 gxf2 45. Rf1 Be3 46. Bc2 Bd4+ 47. Kc1 Rc4 48. Kd2 Rxb4 49. g3 Rb2 50. f4 exf4 51. gxf4 Bh5 52. e5 dxe5 53. fxe5 Bxe5 54. Rxf2 Bg6 55. Kc1 Rxc2+ 56. Rxc2 Bxc2 57. Kxc2 Kd6 58. Kb3 Kxd5 59. Kb4 Bd6+ 60. Kb3 Bc5 61. Kc3 Bd4+ 62. Kb4 Be5 63. Kb3 Kc5 64. Ka3 Bc7 65. Kb3 Bxa5 66. Ka3 Bd8 67. Kb3 a5 68. Kc3 Bc7 69. Kb3 a4+ 70. Ka3 Kc4 71. Ka2 Kc3 72. Kb1 Kb3 73. Ka1 Be5+ 74. Kb1 a3 75. Kc1 a2 76. Kd2 a1=Q 77. Ke3 Qd4+ 78. Kf3 Kc3 79. Ke2 b4 80. Ke1 b3 81. Ke2 b2 82. Kf3 b1=R 83. Ke2 Rb2+ 84. Ke1 Qg1# 0-1

[Event "4NCL Online Division 4"]
[Site "online"]
[Date "2021.02.23"]
[EventDate "2021.02.23"]
[Round "3.114"]
[White "Leadbetter, Scott"]
[WhiteElo "1624"]
[WhiteTeam "Crowthorne 1"]
[Black "Wicks, Alexander"]
[BlackElo "1258"]
[BlackTeam "Woking Warriors"]
[Result "1-0"]
[PlyCount "34"]

1. f4 d5 2. Nf3 Nc6 3. e3 Bg4 4. Be2 g6 5. d4 Bg7 6. Nc3 Nf6 7. h3 Be6 8. Bd2 Qd6 9. Ne5 Nd7 10. Nb5 Ndxe5 11. Nxd6+ cxd6 12. fxe5 dxe5 13. c3 e4 14. Qb3 Rb8 15. c4 dxc4 16. Bxc4 Bd7 17. Bxf7+ Kd8 1-0

[Event "4NCL Online Division 4"]
[Site "online"]
[Date "2021.02.23"]
[EventDate "2021.02.23"]
[Round "3.121"]
[White "Rizvi, Nasir"]
[WhiteElo "2021"]
[WhiteTeam "4 Gems"]
[Black "Douse, Terry"]
[BlackElo "1467"]
[BlackTeam "St Albans 2"]
[Result "1-0"]
[PlyCount "55"]

1. d4 d5 2. Nc3 Nf6 3. Bf4 a6 4. e3 e6 5. Bd3 Bd6 6. Nf3 Bxf4 7. exf4 Nbd7 8. Qe2 c5 9. dxc5 Nxc5 10. O-O-O O-O 11. g4 Nxd3+ 12. Rxd3 Qc7 13. Ne5 Nd7 14. g5 Nxe5 15. fxe5 g6 16. h4 Bd7 17. Rdh3 f5 18. gxf6 Rf7 19. f4 Qc4 20. Qxc4 dxc4 21. h5 Bc6 22. Rg1 b5 23. hxg6 Rd7 24. f7+ Kg7 25. Rxh7+ Kf8 26. g7+ Ke7 27. g8=Q Rf8 28. Qg5# 1-0

[Event "4NCL Online Division 4"]
[Site "online"]
[Date "2021.02.23"]
[EventDate "2021.02.23"]
[Round "3.122"]
[White "Claret, Ray R"]
[WhiteElo "1468"]
[WhiteTeam "St Albans 2"]
[Black "Whelan, Joseph"]
[BlackElo "1515"]
[BlackTeam "4 Gems"]
[Result "0-1"]
[PlyCount "32"]

1. Nf3 c5 2. c3 d5 3. e3 Nf6 4. d4 c4 5. Nbd2 Bf5 6. b3 b5 7. bxc4 bxc4 8. Nh4 Be4 9. f3 Bg6 10. Nxg6 hxg6 11. Ba3 Nh5 12. Qe2 Ng3 13. Qd1 Nxh1 14. e4 e6 15. Bxf8 Qh4+ 16. Ke2 Qf2# 0-1

[Event "4NCL Online Division 4"]
[Site "online"]
[Date "2021.02.23"]
[EventDate "2021.02.23"]
[Round "3.123"]
[White "Gogia, Abeer"]
[WhiteElo "1413"]
[WhiteTeam "4 Gems"]
[Black "Branch, Graham"]
[BlackElo "1432"]
[BlackTeam "St Albans 2"]
[Result "1/2-1/2"]
[PlyCount "100"]

1. e4 e6 2. d4 d5 3. exd5 exd5 4. c4 dxc4 5. Bxc4 Bb4+ 6. Nc3 Nf6 7. Ne2 O-O 8. O-O c6 9. Qc2 Re8 10. Be3 Be6 11. Qd3 b5 12. Bxe6 Rxe6 13. a3 Ba5 14. b4 Bc7 15. h3 Nbd7 16. a4 a6 17. a5 Nf8 18. Rad1 Bd6 19. Na2 Nd5 20. Qb3 Qe7 21. Nec3 Nxe3 22. fxe3 Rxe3 23. Qc2 Re8 24. Qf5 f6 25. Rc1 Bxb4 26. d5 Re5 27. Qf3 Qc5+ 28. Kh1 Re3 29. Ne4 Rxf3 30. Nxc5 Rxf1+ 31. Rxf1 Bxc5 32. Rc1 cxd5 33. Rxc5 Rd8 34. Nb4 d4 35. Nd3 Rd6 36. Kh2 Ne6 37. Rc8+ Kf7 38. Kg3 Kg6 39. Kf3 Kf5 40. g4+ Kg6 41. h4 f5 42. Rc2 fxg4+ 43. Kxg4 h5+ 44. Kf3 Kf5 45. Rc1 g5 46. hxg5 Nxg5+ 47. Kg3 Ke4 48. Nc5+ Kd5 49. Nd3 Ke4 50. Nc5+ Kd5 1/2-1/2

[Event "4NCL Online Division 4"]
[Site "online"]
[Date "2021.02.23"]
[EventDate "2021.02.23"]
[Round "3.124"]
[White "Harris, Stuart"]
[WhiteElo "1240"]
[WhiteTeam "St Albans 2"]
[Black "Rizvi, Aysha"]
[BlackElo "1241"]
[BlackTeam "4 Gems"]
[Result "0-1"]
[PlyCount "118"]

1. d4 d5 2. Nf3 Nf6 3. e3 g6 4. Bd3 Bg7 5. O-O O-O 6. b3 c5 7. Bb2 Nc6 8. Nbd2 Nd7 9. Re1 e5 10. Bb5 e4 11. Bxc6 bxc6 12. Ne5 Nxe5 13. dxe5 d4 14. Nc4 d3 15. cxd3 Qxd3 16. Qxd3 exd3 17. Rad1 Rd8 18. Rd2 Rb8 19. Red1 Be6 20. Rxd3 Rxd3 21. Rxd3 Bxc4 22. Rd7 Bxb3 23. axb3 Rxb3 24. Rd8+ Bf8 25. Rd2 c4 26. Bc1 Rb1 27. Rc2 Ba3 28. Rxc4 a5 29. Rxc6 Rxc1+ 30. Rxc1 Bxc1 31. Kf1 a4 32. Ke1 a3 33. Kd1 a2 34. Kxc1 a1=Q+ 35. Kd2 Qxe5 36. f4 Qa5+ 37. Ke2 Qc3 38. Kf3 h5 39. h3 g5 40. fxg5 Qc4 41. g3 Kg7 42. e4 Kg6 43. Kf4 f6 44. gxf6 Kxf6 45. g4 hxg4 46. hxg4 Qf1+ 47. Ke3 Ke5 48. g5 Qg1+ 49. Kd3 Qxg5 50. Kc3 Qf4 51. Kd3 Qxe4+ 52. Kd2 Qf3 53. Ke1 Qg2 54. Kd1 Qf2 55. Kc1 Qe2 56. Kb1 Qd2 57. Ka1 Kd4 58. Kb1 Kc3 59. Ka1 Qb2# 0-1

[Event "4NCL Online Division 4"]
[Site "online"]
[Date "2021.02.23"]
[EventDate "2021.02.23"]
[Round "3.131"]
[White "Jaunooby, Ali R"]
[WhiteElo "2244"]
[WhiteTeam "Manchester Manticores 1"]
[Black "Dasgupta, Avyukt"]
[BlackElo "1664"]
[BlackTeam "Watford Juniors A"]
[Result "1-0"]
[PlyCount "70"]

1. d4 e6 2. Nf3 Nf6 3. Bf4 b6 4. e3 Bb7 5. Nbd2 Be7 6. Bd3 c5 7. Qe2 cxd4 8. exd4 Nd5 9. Bg3 Nb4 10. Be4 d5 11. Bd3 Nxd3+ 12. Qxd3 Ba6 13. Qe3 Nd7 14. c3 Rc8 15. a4 Rc6 16. h4 Bf6 17. Nb1 h6 18. Na3 Bc4 19. Nb5 Bxb5 20. axb5 Rc8 21. Rxa7 O-O 22. O-O Nb8 23. Rfa1 Be7 24. Ne5 Bd6 25. Nxf7 Rxf7 26. Qxe6 Rc7 27. Bxd6 Qxh4 28. Rxc7 Qxf2+ 29. Kh1 Qh4+ 30. Bh2 Qh5 31. Rf1 Nd7 32. Rxd7 Kh8 33. Rdxf7 Qg5 34. Rf8+ Kh7 35. Qe8 Qg6 1-0

[Event "4NCL Online Division 4"]
[Site "online"]
[Date "2021.02.23"]
[EventDate "2021.02.23"]
[Round "3.132"]
[White "Demjan, Denisz"]
[WhiteElo "1286"]
[WhiteTeam "Watford Juniors A"]
[Black "Kobryn, Peter J"]
[BlackElo "1946"]
[BlackTeam "Manchester Manticores 1"]
[Result "1-0"]
[PlyCount "81"]

1. e4 g6 2. d3 Bg7 3. Ne2 d6 4. Nbc3 Nf6 5. b3 e5 6. Bb2 O-O 7. g3 c6 8. Bg2 a5 9. a4 Na6 10. O-O Re8 11. Qc1 Nc5 12. Ba3 Ne6 13. Bb2 Rb8 14. f4 exf4 15. Nxf4 Nxf4 16. Rxf4 Nh5 17. Rf1 Bd4+ 18. Kh1 Re5 19. Ne2 Bxb2 20. Qxb2 Bg4 21. Nf4 Qg5 22. Qc1 Qh6 23. d4 Nxf4 24. Qxf4 Qxf4 25. Rxf4 Rg5 26. h4 Rh5 27. Rxg4 f5 28. exf5 Rxf5 29. Rf1 Rbf8 30. Rgf4 Rxf4 31. Rxf4 Rxf4 32. gxf4 Kf7 33. Bh3 Kf6 34. Kg2 b6 35. c4 c5 36. dxc5 bxc5 37. Kf3 h6 38. Ke4 g5 39. fxg5+ hxg5 40. hxg5+ Kxg5 41. Kd5 1-0

[Event "4NCL Online Division 4"]
[Site "online"]
[Date "2021.02.23"]
[EventDate "2021.02.23"]
[Round "3.133"]
[White "Reed, John"]
[WhiteElo "1885"]
[WhiteTeam "Manchester Manticores 1"]
[Black "George, Seb"]
[BlackElo "1301"]
[BlackTeam "Watford Juniors A"]
[Result "1-0"]
[PlyCount "30"]

1. d4 d5 2. c4 c6 3. Nc3 Nf6 4. Bg5 dxc4 5. a4 Nd5 6. e4 Nxc3 7. bxc3 f6 8. Be3 b5 9. axb5 cxb5 10. Qh5+ g6 11. Qxb5+ Qd7 12. Bxc4 Qxb5 13. Bxb5+ Bd7 14. Bxd7+ Nxd7 15. Nf3 Nc5 1-0

[Event "4NCL Online Division 4"]
[Site "online"]
[Date "2021.02.23"]
[EventDate "2021.02.23"]
[Round "3.134"]
[White "Keerthi Kumar, Advait"]
[WhiteElo "1248"]
[WhiteTeam "Watford Juniors A"]
[Black "Lonsdale, Jon I"]
[BlackElo "1922"]
[BlackTeam "Manchester Manticores 1"]
[Result "1/2-1/2"]
[PlyCount "96"]

1. e4 c5 2. Nf3 Nc6 3. d4 cxd4 4. Nxd4 e5 5. Nf3 Nf6 6. Nc3 Bb4 7. Bd3 O-O 8. O-O Bxc3 9. bxc3 d5 10. Qe2 dxe4 11. Bxe4 Nxe4 12. Qxe4 Qa5 13. Bb2 f6 14. Rfd1 Be6 15. Nd2 Rad8 16. a4 Qd5 17. Qh4 Bf5 18. Ba3 Rfe8 19. Nf1 Qxd1 20. Rxd1 Rxd1 21. Qh5 Red8 22. Qxf5 Ra1 23. Bc5 Kf7 24. g3 b6 25. Be3 Rdd1 26. Kg2 Rxf1 27. Qd7+ Ne7 28. Qxa7 g5 29. f3 Rfe1 30. Bxb6 Re2+ 31. Kh3 Rh1 32. Bg1 Kg6 33. Qd7 Re1 34. Qe8+ Kf5 35. Qxe7 Rexg1 36. g4+ Kg6 37. Qe8+ Kg7 38. Qd7+ Kg6 39. Qd3+ Kg7 40. a5 Rd1 41. Qe2 Rhe1 42. Qc4 Rd2 43. Qc7+ Kg6 44. Qe7 Ree2 45. Qe8+ Kg7 46. Qe7+ Kg6 47. Qe8+ Kg7 48. Qe7+ Kg6 1/2-1/2

[Event "4NCL Online Division 4"]
[Site "online"]
[Date "2021.02.23"]
[EventDate "2021.02.23"]
[Round "3.141"]
[White "Rossiter, Alex"]
[WhiteElo "1963"]
[WhiteTeam "Bristol Cabot Blackbeards"]
[Black "Morley, Andrew J"]
[BlackElo "1974"]
[BlackTeam "Wigston 2"]
[Result "1-0"]
[PlyCount "59"]

1. e4 c5 2. d4 cxd4 3. c3 dxc3 4. Nxc3 e6 5. Nf3 a6 6. Bc4 d6 7. O-O Nc6 8. Qe2 Nf6 9. Rd1 Qc7 10. Bf4 Be7 11. e5 dxe5 12. Nxe5 Nxe5 13. Bxe5 Qc6 14. Rac1 O-O 15. Bd3 Qe8 16. Bb1 Kh8 17. Rd3 Ng8 18. Bxg7+ Kxg7 19. Qg4+ Kh8 20. Rg3 Bf6 21. Ne4 Qe7 22. Qh5 Bxb2 23. Ng5 f5 24. Re1 Nf6 25. Qh4 Ne4 26. Bxe4 fxe4 27. Rxe4 Bf6 28. Rf4 e5 29. Rxf6 Rxf6 30. Nxh7 1-0

[Event "4NCL Online Division 4"]
[Site "online"]
[Date "2021.02.23"]
[EventDate "2021.02.23"]
[Round "3.142"]
[White "Kruitbosch, Gijs"]
[WhiteElo "1803"]
[WhiteTeam "Wigston 2"]
[Black "Marston, Alastair"]
[BlackElo "1766"]
[BlackTeam "Bristol Cabot Blackbeards"]
[Result "1/2-1/2"]
[PlyCount "24"]

1. e4 e6 2. d4 d5 3. exd5 exd5 4. Nf3 Nf6 5. Bf4 Bd6 6. Bxd6 Qxd6 7. Nc3 O-O 8. Be2 Re8 9. O-O Bf5 10. Bd3 Bxd3 11. Qxd3 Nbd7 12. Rfe1 c6 1/2-1/2